000 00336nam a22000977a 4500
999 _c515271
_d515271
082 _aTNC I56x5451 R19
100 _aRau, Prasada M. V. S.
_920601
245 _aArchival organization and records management in the state of Andhra Pradesh
_cby Rau Prasada M. V. S.
260 _aHyderabad
_bGovernment of Andhra Pradesh
_c1980
300 _a421p.